K hodnocení nákladovosti zemědělských výrobků.
Faktory determinujúce nákladovosť poľnohospodárskych výrobkov a ich kvantifikácia. Vplyv jednotlivých exogénnych faktorov na formovanie vlastných nákladov na jednotku finálneho výrobku. Dopad rozdielnej úžitkovosti zvierat na nákladovosť.
Enregistré dans:
| Auteur principal: | |
|---|---|
| Autres auteurs: | |
| Format: | Chapitre de livre |
| Langue: | tchèque |
| Sujets: | |
| Tags: |
Pas de tags, Soyez le premier à ajouter un tag!
|
MARC
| LEADER | 00000naa a2200000 4500 | ||
|---|---|---|---|
| 001 | r002016 | ||
| 005 | 20220819180830.8 | ||
| 041 | 0 | |a cze | |
| 044 | |a [CS] | ||
| 245 | 1 | 0 | |a K hodnocení nákladovosti zemědělských výrobků. |c E. Maca, I. Julínková |
| 520 | |a Faktory determinujúce nákladovosť poľnohospodárskych výrobkov a ich kvantifikácia. Vplyv jednotlivých exogénnych faktorov na formovanie vlastných nákladov na jednotku finálneho výrobku. Dopad rozdielnej úžitkovosti zvierat na nákladovosť. | ||
| 610 | 2 | 0 | |a výrobky poľnohospodárske |
| 610 | 2 | 0 | |a nákladovosť produkcie |
| 610 | 2 | 0 | |a náklady vlastné |
| 610 | 2 | 0 | |a výroba živočíšna |
| 610 | 2 | 0 | |a ČSFR |
| 100 | 1 | |a Maca, Erich | |
| 700 | 1 | |a Julínková, I. | |